Online Catalogue and eLibrary

A muder in Ceylon (Record no. 1427)

MARC details
000 -LEADER
fixed length control field 00421nam a2200181Ia 4500
005 - DATE AND TIME OF LATEST TRANSACTION
control field 20240603031040.0
008 - FIXED-LENGTH DATA ELEMENTS--GENERAL INFORMATION
fixed length control field 240331s9999 xx 000 0 und d
020 ## - INTERNATIONAL STANDARD BOOK NUMBER
ISBN 955126620x
082 ## - DDC Classification
Item Number - Author Mark FER
Class No. 3451st
100 ## - MAIN ENTRY--PERSONAL NAME
Personal name Fernando R.
245 #2 - TITLE STATEMENT
Title A muder in Ceylon
250 ## - EDITION STATEMENT
Edition statement 1st
260 ## - PUBLICATION, DISTRIBUTION, ETC.
Place of publication, distribution, etc. Colombo
Name of publisher, distributor, etc. Vijitha Yapa Publications
Date of publication, distribution, etc. 2006
300 ## - PHYSICAL DESCRIPTION
Extent (e.g. Volumes, Pages etc.) 480 p.,
650 ## - SUBJECT ADDED ENTRY--TOPICAL TERM
Topical term or geographic name entry element Law
650 ## - SUBJECT ADDED ENTRY--TOPICAL TERM
Topical term or geographic name entry element Human Rights
942 ## - Koha item type (Biblio)
Koha item type Books in Stacks (Lending)
Holdings
Lost status Damaged status Collection code Home library Current library Shelving location Date acquired Full call number Accession Number Item type
    Lending WERC Library WERC Library Social Science Cupboard 03/31/2024 340 FER 5609 Books in Stacks (Lending)

© WERC Library